000
00471nam a2200181Ia 4500
008
100917s9999 xx 000 0 und d
082
_b
51473
100
_a
राजहंस
245
_a
दिलदार
260
_b
मनोरमा प्रकाशन
_c
1982
300
_a
203
365
_b
25
520
_a
कादंबरी
630
_a
दिलदार
650
_a
कादंबरी
730
_a
दिलदार
942
_c
BOOK
999
_c
656867
_d
656864